00000000nam 2200000zi 4500
0019.945367
003CaOODSP
00520241120133928
006m     o  d f      
007cr bn|||||||||
008241120e198403##onc     ob   f000 0 eng d
040 |aCaOODSP|beng|erda|cCaOODSP
043 |an-cn---
0861 |aCo24-3/1-84-008E-PDF
1001 |aArmstrong, Robert W., |eauthor.
24510|aCurrent technology assessment of star trackers / |cauthors: Robert W. Armstrong.
264 1|aOttawa, Canada : |bDepartment of Communications, Space Program, |cMarch, 1984.
300 |a1 online resource (28 pages).
336 |atext|btxt|2rdacontent
337 |acomputer|bc|2rdamedia
338 |aonline resource|bcr|2rdacarrier
4901 |aDOC contractor report ; |vDOC-CR-SP-84-008
500 |a"Unclassified."
500 |a"Department of Supply and Services Contract no: 06ST.36001-3-0828."
500 |aDigitized copy from print [produced by Innovation, Science and Economic Development Canada].
504 |aIncludes bibliographical references.
650 0|aTechnology assessment|zCanada.
650 0|aStar trackers.
650 6|aTechnologie|xÉvaluation|zCanada.
650 6|aSuiveurs stellaires.
7101 |aCanada. |bDepartment of Communications. |bSpace Program, |eissuing body.
830#0|aDOC contractor report (Canada. Department of Communications)|vDOC-CR-SP-84-008.|w(CaOODSP)9.869864
85640|qPDF|s925 KB|uhttps://publications.gc.ca/collections/collection_2024/isde-ised/Co24-3-1-84-008-eng.pdf